[Event "Penang op 8th"]
[Site "Penang"]
[Date "2016.12.08"]
[Round "6"]
[White "Lee, Kah Teng Benjamin"]
[Black "Koh, Ming Yao Gavin"]
[Result "1-0"]
[WhiteElo "1717"]
[BlackElo "1939"]
[PlyCount "71"]
[EventDate "2016.12.05"]
[EventType "swiss"]
[EventRounds "9"]
[EventCountry "MAS"]
[SourceTitle "CBM 176 Extra"]
[Source "ChessBase"]
[SourceDate "2017.03.02"]
[SourceVersion "1"]
[SourceVersionDate "2017.03.02"]
[SourceQuality "1"]

1. Nf3 c5 2. g3 g6 3. Bg2 Bg7 4. 0-0 Nc6 5. d3 e5 6. e4 Nge7 7. c4 0-0 8. Nc3 d6 9. h3 h6 10. Nd5 Nxd5 11. cxd5 Ne7 12. Bd2 f5 13. b4 b6 14. a4 Ba6 15. b5 Bc8 16. Qb3 Bd7 17. a5 Qc8 18. axb6 axb6 19. Kh2 Qb7 20. Bc3 g5 21. Nxe5 Rxa1 22. Bxa1 Be8 23. Nc6 Nc8 24. Nd8 Qa7 25. Bxg7 Qxg7 26. Ne6 Qf6 27. Nxf8 Kxf8 28. f4 g4 29. h4 Na7 30. Re1 Qd4 31. exf5 Bxb5 32. Qa2 Qc3 33. Qe2 Qf6 34. Qe6 Qxe6 35. dxe6 Nc8 36. f6 1-0

[Event "Penang op 7th"]
[Site "Penang"]
[Date "2015.12.09"]
[Round "5"]
[White "Lee, Kah Teng Benjamin"]
[Black "Nisban, Cyrus"]
[Result "1-0"]
[WhiteElo "1610"]
[BlackElo "1855"]
[PlyCount "79"]
[EventDate "2015.12.07"]
[EventType "swiss"]
[EventRounds "9"]
[EventCountry "MAS"]
[SourceTitle "CBM 169 Extra"]
[Source "ChessBase"]
[SourceDate "2015.12.18"]
[SourceVersion "1"]
[SourceVersionDate "2015.12.18"]
[SourceQuality "1"]

1. d4 Nf6 2. c4 g6 3. Nc3 Bg7 4. e4 d6 5. f3 0-0 6. Be3 e5 7. d5 c6 8. Qd2 cxd5 9. cxd5 a5 10. a4 Na6 11. Nge2 Nc5 12. Nc1 Ne8 13. Be2 f5 14. 0-0 f4 15. Bf2 g5 16. Qc2 h5 17. Nd3 b6 18. b4 Na6 19. bxa5 bxa5 20. Nb5 Bd7 21. Rfc1 g4 22. Kh1 Qg5 23. Qd1 Rf7 24. Bb6 Bf8 25. Bxa5 Qh4 26. Qg1 Rg7 27. Be1 g3 28. Bf1 Nf6 29. Nc7 Nxc7 30. Rxc7 Be7 31. h3 Bd8 32. Ra7 Rxa7 33. Qxa7 Bxh3 34. Qxg7+ Kxg7 35. gxh3 Bb6 36. a5 Ba7 37. Nb4 Nh7 38. Nc6 Be3 39. a6 Ng5 40. Ne7 1-0

[Event "Penang op 6th"]
[Site "Penang"]
[Date "2014.12.12"]
[Round "8"]
[White "Chan, Yi Meng Ryan"]
[Black "Lee, Kah Teng Benjamin"]
[Result "1-0"]
[WhiteElo "1802"]
[BlackElo "1579"]
[PlyCount "107"]
[EventDate "2014.12.08"]
[EventType "swiss"]
[EventRounds "9"]
[EventCountry "MAS"]
[SourceTitle "CBM 163 Extra"]
[Source "ChessBase"]
[SourceDate "2014.12.23"]
[SourceVersion "1"]
[SourceVersionDate "2014.12.23"]
[SourceQuality "1"]

1. d4 e6 2. c4 Nf6 3. Nc3 Bb4 4. Qc2 Bxc3+ 5. Qxc3 b6 6. Bg5 Bb7 7. e3 d6 8. Ne2 Nbd7 9. Qd3 Qe7 10. Nc3 h6 11. Bh4 g5 12. Bg3 Nh5 13. f3 Nxg3 14. hxg3 0-0-0 15. Be2 f5 16. 0-0-0 Kb8 17. Kb1 Rdf8 18. Qd2 Qg7 19. Bd3 Rf7 20. Bc2 Re8 21. Bb3 Rfe7 22. Ba4 Rf8 23. Rhf1 e5 24. Rde1 a6 25. b4 Kc8 26. d5 g4 27. f4 exf4 28. gxf4 Nf6 29. Bc2 Nd7 30. Ne2 Kb8 31. Nd4 Qg6 32. Qd3 Ref7 33. Rh1 Bc8 34. Rh4 Nf6 35. Qd2 Ng8 36. Reh1 Rf6 37. Bd3 R6f7 38. a4 Bd7 39. Qc2 Kb7 40. Be2 Qg7 41. Qd3 Ra8 42. Rh5 a5 43. b5 Raf8 44. Qc2 Rf6 45. Bd3 Qg6 46. e4 fxe4 47. Bxe4 Qg7 48. g3 Ne7 49. Bg2 Ng8 50. Ne6 Bxe6 51. dxe6+ Kb8 52. Qe4 c6 53. Qxc6 Qc7 54. Qa8# 1-0

[Event "Penang op 6th"]
[Site "Penang"]
[Date "2014.12.12"]
[Round "9"]
[White "Lee, Kah Teng Benjamin"]
[Black "Saumy, Zainab"]
[Result "1-0"]
[WhiteElo "1579"]
[BlackElo "1533"]
[PlyCount "97"]
[EventDate "2014.12.08"]
[EventType "swiss"]
[EventRounds "9"]
[EventCountry "MAS"]
[SourceTitle "CBM 163 Extra"]
[Source "ChessBase"]
[SourceDate "2014.12.23"]
[SourceVersion "1"]
[SourceVersionDate "2014.12.23"]
[SourceQuality "1"]

1. d4 Nf6 2. c4 c5 3. d5 b5 4. cxb5 a6 5. Nc3 g6 6. e4 d6 7. f4 Bg7 8. Nf3 0-0 9. bxa6 Nxa6 10. Be2 Bb7 11. 0-0 Qc7 12. a3 Nd7 13. Qc2 Nb6 14. Bd2 Rfc8 15. Nb5 Qd7 16. Ba5 c4 17. Nc3 Qc7 18. Na4 Nb8 19. Bxb6 Qd7 20. Nc3 Ra6 21. Bd4 Bh6 22. Nd2 Ra8 23. Nxc4 Rxc4 24. Bxc4 Qd8 25. Na4 Nd7 26. Bb5 Rc8 27. Qd2 Rb8 28. Rac1 Bxd5 29. Bxd7 Qxd7 30. Nb6 Rxb6 31. Bxb6 Bxe4 32. Qe3 d5 33. h3 Qb5 34. Qd4 f6 35. a4 Qa6 36. a5 e5 37. Qc5 Bf8 38. Qc8 Bd3 39. Qxa6 Bxa6 40. Rfd1 d4 41. Rc6 d3 42. Bc5 Bxc5+ 43. Rxc5 e4 44. Kf1 f5 45. g4 Kf7 46. gxf5 gxf5 47. b4 Ke8 48. b5 Bb7 49. a6 1-0

[Event "Penang op 6th"]
[Site "Penang"]
[Date "2014.12.08"]
[Round "1"]
[White "Liu, Xiangyi"]
[Black "Lee, Kah Teng Benjamin"]
[Result "1-0"]
[WhiteElo "2138"]
[BlackElo "1579"]
[PlyCount "61"]
[EventDate "2014.12.08"]
[EventType "swiss"]
[EventRounds "9"]
[EventCountry "MAS"]
[SourceTitle "CBM 163 Extra"]
[Source "ChessBase"]
[SourceDate "2014.12.23"]
[SourceVersion "1"]
[SourceVersionDate "2014.12.23"]
[SourceQuality "1"]

1. e4 e6 2. Nf3 d5 3. e5 c5 4. g3 Nc6 5. Bg2 Bd7 6. 0-0 Qb6 7. d3 Nge7 8. c3 g6 9. h4 Bg7 10. Qe2 h5 11. Nbd2 Qc7 12. Re1 0-0 13. Nf1 Nf5 14. Bf4 b5 15. N1h2 Rac8 16. Qd2 d4 17. g4 hxg4 18. Nxg4 dxc3 19. bxc3 Nce7 20. Nf6+ Kh8 21. h5 Bc6 22. h6 Bxf6 23. exf6 Qb7 24. fxe7 Nxe7 25. Nh4 Bxg2 26. Nxg2 Nf5 27. Qe2 Rg8 28. Qe4 Qd7 29. Ne3 Rce8 30. Qe5+ Kh7 31. Ng4 1-0